Members of the EBU / Eurovision - Statistics

General Stats
  • This quiz has been taken 42 times
  • The average score is 20 of 92
Answer Stats
Hint Answer % Correct
United Kingdom BBC
77%
Slovakia RTV
70%
Serbia RTS
63%
Italy RAI
60%
Poland TVP
57%
Albania RTSH
53%
Sweden SVT
53%
Germany HR
47%
Norway NRK
47%
Austria ORF
47%
Spain RTVE
47%
Belgium VRT
47%
Netherlands AVROTROS
43%
Czechia ČT
43%
Denmark DR
43%
Croatia HRT
43%
Israel KAN
43%
Slovenia RTVSLO
43%
United Kingdom ITV
40%
Luxembourg RTL
40%
Germany SR
40%
Sweden SR
40%
Türkiye TRT
40%
Romania TVR
40%
Finland YLE
40%
Germany ARD
37%
Belgium RTBF
37%
Iceland RÚV
37%
Greece ERT
33%
Germany NDR
33%
Ireland RTÉ
33%
Portugal RTP
33%
Latvia LTV
30%
United Kingdom STV
30%
Latvia LR
27%
Netherlands NOS
27%
Netherlands NPO
27%
Malta PBS
27%
Montenegro RTCG
27%
Estonia ERR
23%
Cyprus RIK
23%
Denmark TV2
23%
Norway TV2
23%
Bosnia and Herzegovina BHRT
20%
Germany BR
20%
Lithuania LRT
20%
Germany ZDF
20%
Czechia ČR
17%
Hungary Duna
17%
France France TV
17%
Azerbaijan Ictimai
17%
San Marino SMRTV
17%
Hungary MTVA
13%
Switzerland SRG SSR
13%
Andorra RTVA
10%
United Kingdom S4C
10%
Ireland TG4
10%
Georgia GPB
7%
Germany MDR
7%
North Macedonia MKRTV
7%
France Radio France
7%
Ukraine Suspilne
7%
Germany SWR
7%
Moldova TRM
7%
Netherlands BNNVARA
3%
Germany DW
3%
Algeria Etablissement Public de Télévision Algérienne
3%
Jordan JRTV
3%
Libya LNC
3%
Monaco MMD
3%
Egypt NTU
3%
Morocco SNRT
3%
Romania SRR
3%
Lebanon TL
3%
Sweden UR
3%
Germany WDR
3%
Germany Deutschlandradio
0%
Netherlands EO
0%
Algeria Etablissement Public de Radiodiffusion Sonore
0%
France France Médias Monde
0%
Netherlands KRO-NCRV
0%
Netherlands MAX
0%
Netherlands NTR
0%
Poland Polskie Rafio
0%
Luxembourg Radio 100,7
0%
Tunisia Radio tunisienne
0%
Vatican Radio Vaticana
0%
Germany Rafio Bremen
0%
Germany RBB
0%
Algeria Télédiffusion d'Algérie
0%
Tunisia Télévision tunisienne
0%
Netherlands VPRO
0%
No matching quizzes found
Score Distribution
Percent of People with Each Score
Percentile by Number Answered
Your Score History
You have not taken this quiz